Một số giải pháp thúc đẩy tiến trình cổ phần hóa doanh nghiệp nhà nước /

Đã lưu trong:
Sonraí Bibleagrafaíochta
Príomhúdar: Lê Thiên Hương, TS.
Formáid: Bài viết
Teanga:Vietnamese
Ábhair:
Clibeanna: Cuir Clib Leis
Gan Chlibeanna, Bí ar an gcéad duine leis an taifead seo a chlibeáil!
Thư viện lưu trữ: Thư viện Trường Đại học Đà Lạt
LEADER 00818nam a2200265 4500
001 DLU090103199
005 ##20091230
040 # # |a DLU  |b vie 
041 # # |a vie 
044 # # |a vn 
100 # # |a Lê Thiên Hương,   |c TS. 
245 # # |a Một số giải pháp thúc đẩy tiến trình cổ phần hóa doanh nghiệp nhà nước /  |c Lê Thiên Hương. 
653 # # |a Cổ phần hóa 
653 # # |a Doanh nghiệp nhà nước 
653 # # |a Quản lí kinh tế 
773 # # |t Quản lí nhà nước  |g Số7(150), 2008, tr. 11-14 
920 # # |a Phòng Tạp chí -- Trung tâm Thông tin - Thư viện Trường Đại học Đà Lạt 
994 # # |a DLU 
900 # # |a True 
911 # # |a Nguyễn Thị Linh Chi 
925 # # |a G 
926 # # |a A 
927 # # |a BB 
980 # # |a Thư viện Trường Đại học Đà Lạt